000 01306cam a22003615a 4500
001 017396242
003 OSt
005 20161120104800.0
008 141117s2015 my a frbd 001 0 eng d
015 _aGBB576022
_2bnb
016 7 _a017396242
_2Uk
020 _a9789834714055
020 _a983471405X
035 _a(UkOxU)020330962
035 _a(OCoLC)898354378
040 _aMYNLM
_beng
_cMYNLM
_dEG-ScBUE
_dEG-ScBUE
042 _aukscp
082 0 4 _a332.088297
_bHAS
_223
100 1 _aHasan, Zubair.
_940698
245 1 0 _aEconomics with Islamic orientation /
_cZubair Hasan.
260 _aOxford :
_bOxford Universty Press,
_c2015.
300 _axxxiv, 686 p. :
_bill. ;
_c26 cm.
500 _a"The book combines the material of two earlier texts of the author--Macroeconomics (2009) and Fundamentals of Microeconomics (2011). The material has been refined and updated"--Back cover.
500 _aIndex : p. 670-686.
504 _aBibliography : p. 667-669.
650 7 _aEconomics
_xReligious aspects
_xIslam.
_2BUEsh
_933913
650 7 _aFinance
_xReligious aspects
_xIslam.
_2BUEsh
_928658
651 _2BUEsh
653 _bBUSADM
_cAugust 2016
653 _bBUSECO
_cNovember2016
856 _uhttp://cw.oxfordfajar.com.my/econs
_yCompanion website
942 _2ddc
_e22
_k332.088297 HAS
999 _c22146
_d22118